000 00449nam a2200109Ia 4500
008 160909s9999 xx 000 0 und d
100 _aFazio, Jilian M.
245 _aAssessment of adrenal activity and reproductive cycles during captive management in the fishing cat (<i>Prionailurus viverrinus</i>)
260 _bGeorge Mason University.
_c2016
650 _aMARKETING MANAGEMENT
856 _uhttp://pqdtopen.proquest.com/doc/1805968323.html?FMT=ABS
999 _c304877
_d304877